logo

Bir Sreshtho Munshi Abdur Rouf Library
Jhenaidah Cadet College

সোনারগাঁয়ের ইতিহাস / (Record no. 13947)

MARC details
000 -LEADER
fixed length control field 00693nam a22002297a 4500
001 - CONTROL NUMBER
JCCL Control Number 13947
003 - CONTROL NUMBER IDENTIFIER
JCCL marc code BD-JhCC
005 - DATE AND TIME OF LATEST TRANSACTION
control field 20240518120238.0
008 - FIXED-LENGTH DATA ELEMENTS--GENERAL INFORMATION
fixed length control field 180426b2005 b |||| ||a| 000 0 B d
020 ## - INTERNATIONAL STANDARD BOOK NUMBER
International Standard Book Number 9848425551
035 ## - SYSTEM CONTROL NUMBER
system control number (BD-JhCC)13947
040 ## - CATALOGING SOURCE
Original cataloging agency BD-JhCC
Modifying agency BD-JhCC
041 ## - LANGUAGE CODE
Language code of Book ben
082 ## - DEWEY DECIMAL CLASSIFICATION NUMBER
Classification number 954.92
Author mark and Year CHO 2005
100 ## - MAIN ENTRY--PERSONAL NAME
Personal name চৌধুরী,শামসুদ্দোহা
245 ## - TITLE STATEMENT
Title সোনারগাঁয়ের ইতিহাস /
Remainder of title শামসুদ্দোহা চৌধুরী
260 ## - PUBLICATION, DISTRIBUTION, ETC. (IMPRINT)
Place of publication, distribution, etc ঢাকা :
Name of publisher, distributor, etc আবির বুক্‌স;
Date of publication, distribution, etc 2005.
300 ## - PHYSICAL DESCRIPTION
Pagination 148 p. :
Dimensions 22 cm.
651 ## - SUBJECT ADDED ENTRY--GEOGRAPHIC NAME
Geographic name History
942 ## - ADDED ENTRY ELEMENTS (KOHA)
Source of classification or shelving scheme Dewey Decimal Classification
Koha item type Books
Holdings
Source of classification or shelving scheme Damaged status Not for loan Home library Current library Shelving location Date of accession Cost, normal purchase price Total Checkouts Full call number Barcode Date last seen Copy number Method of acquisition Koha item type Currency
Dewey Decimal Classification     JCC Rouf Library JCC Rouf Library General Stacks   100.00   954.92 CHO 2005 19408 05/18/2024 C-1 Purchase Books BDT

JCC Library | Contacts | JCC Home

Last Update on 23 September 2017
Copyright @ 2017-2020 JCC Rouf Library
Rouf Library, Jhenidah Cadet College (JCC), Bangladesh